00566pam a2200157 a 4500020000500000041000500005082002800010100001800038245006700056260004200123300001100165700001600176930000900192999001900201952018800220 c h a657.41999999999996bOWL aOwler, L.W.S. aWheldons Cost Accounting And Costing MethodhTextual Documents aLondonbEnglish Language Book Society a770/PB aBrown, J.L. a5336 c112166d112166 001040708GeneralaAKSbAKScAKS-MBA-Old Library (Stack/Cub)-1d1981-11-29eSarswati Book Depog40.70l0o657.41999999999996 OWLpAKS-M-00101r2023-03-01 00:00:00t1w2023-03-01yBK